| 000 | 01475nam a22002777i 4500 | ||
|---|---|---|---|
| 050 | 1 | 4 |
_aQA 141 _bG133 2014 |
| 260 | 1 | _c2014. | |
| 003 | URS | ||
| 005 | 20240412231316.0 | ||
| 008 | 180201b xxu||||| |||| 00| 0 eng d | ||
| 100 | 1 |
_aGalicia, Percival Dela Rama Jr, _eauthor |
|
| 245 | 1 | 0 |
_aNumeracy skills of grade 7 students in University of Rizal System / _cPercival Dela Rama Galicia Jr. |
| 300 |
_axiii, 53 leaves : _billustrations (some colour) ; _c28 cm |
||
| 336 |
_2rdacontent _atext |
||
| 337 |
_2rdamedia _aunmediated |
||
| 338 |
_2rdacarrier _avolume |
||
| 502 |
_aThesis _bBachelor of Secondary Education _cUniversity of Rizal System _d2014 |
||
| 504 | _aIncludes bibliographical references. | ||
| 520 | _aThis undergraduate thesis was undertaken to identify the numeracy skills of the grade 7 students at the University of Rizal System. The study employed the descriptive method and documentary analysis utilizing the math area in the admission test taken by the grade 7 students where their numeracy skills were based before the school year of 2012-2013 begins and their final grades in mathematics subject to see if there was an improvement. | ||
| 610 | 1 | 0 |
_aUniversity of Rizal System _bTanay Campus _xStudents |
| 650 | 0 | _aNumeracy | |
| 700 | 1 |
_aLaguisma, Venus Joy Mallo _eauthor |
|
| 700 | 1 |
_aParadero, Marcela C. _edegree supervisor |
|
| 856 |
_3Online Request for Student Unpublished Works _uhttps://forms.gle/7LqvGGkaDrUQqz429 |
||
| 942 |
_2lcc _cT |
||
| 999 |
_c73208 _d73207 |
||